<?xml version="1.0" encoding="UTF-8"?>
<collection xmlns="http://www.loc.gov/MARC21/slim">
 <record>
  <leader>01804nam a2200217 a 4500</leader>
  <controlfield tag="001">TVCDKTCT6429</controlfield>
  <controlfield tag="003">Thư viện trường Cao đẳng Kỹ thuật Cao Thắng</controlfield>
  <controlfield tag="005">20070306000000</controlfield>
  <controlfield tag="008">070306</controlfield>
  <datafield tag="980" ind1="\" ind2="\">
   <subfield code="a">Thư viện Trường CĐ Kỹ Thuật Cao Thắng</subfield>
  </datafield>
  <datafield tag="024" ind1=" " ind2=" ">
   <subfield code="a">RG_1 #1 eb0 i1</subfield>
  </datafield>
  <datafield tag="041" ind1="0" ind2="#">
   <subfield code="a">vie</subfield>
  </datafield>
  <datafield tag="082" ind1="#" ind2="#">
   <subfield code="a">657.45 / </subfield>
   <subfield code="b">B103T-b</subfield>
  </datafield>
  <datafield tag="100" ind1="1" ind2="#">
   <subfield code="a">Bộ môn kiểm toán</subfield>
  </datafield>
  <datafield tag="245" ind1="0" ind2="0">
   <subfield code="a">Bài tập kiểm toán /</subfield>
   <subfield code="c">Bộ môn kiểm toán</subfield>
  </datafield>
  <datafield tag="250" ind1="#" ind2="#">
   <subfield code="a">In lần thứ 1</subfield>
  </datafield>
  <datafield tag="260" ind1="#" ind2="#">
   <subfield code="a">Tp.HCM :</subfield>
   <subfield code="b">Lao động-Xã hội ,</subfield>
   <subfield code="c">2006</subfield>
  </datafield>
  <datafield tag="300" ind1="#" ind2="#">
   <subfield code="a">267tr. ;</subfield>
   <subfield code="c">24cm</subfield>
  </datafield>
  <datafield tag="520" ind1="#" ind2="#">
   <subfield code="a">Nội dung cuốn sách được sắp xếp theo thứ tự của từng chương trong quyển sách kiểm toán của bộ môn. Kiểm toán, Khoa Kế toán - Kiểm toán trường Đại học kinh tế Tp. HCM. Mỗi chương sẽ có các bài tập theo chủ đề của chương, được phân thành 3 loại: Câu hỏi trắc nghiệm, câu hỏi lý thuyết, ôn tập và bài tập. Bên cạnh các bài tập có lời giải còn có những bài tập không có đáp án nhằm giúp bạn đọc tự nghiên cứu. Sau đó, bạn đọc có thể vận dụng phối hợp kiến thức trong nhiều chương, cuốn sách cung cấp một bài tập tổng hợp. Ngoài ra, cuốn sách còn giới thiệu một số đề thi mẫu của các khoá trước và đề thi Kiểm toán trong các kỷ thi chứng chỉ Kiểm toán viên cao cấp nhà nước do Bộ Tài chính tổ chức</subfield>
  </datafield>
  <datafield tag="650" ind1="#" ind2="4">
   <subfield code="a">Kiểm toán</subfield>
  </datafield>
  <datafield tag="650" ind1="#" ind2="4">
   <subfield code="a">Kiểm toán--Bài tập</subfield>
  </datafield>
 </record>
</collection>
